Symmetries /

Guardado en:
Autor Principal: Johnson, D. L.
Formato: Libro
Idioma:English
Publicado: [London] : Springer, c2001.
Series:Springer undergraduate mathematics series,
Materias:
Acceso en línea:Publisher description
Etiquetas: Agregar Etiqueta
Sin Etiquetas, Sea el primero en etiquetar este registro!
LEADER 01264cam a22002414a 4500
001 MAT.inmabb005352
008 010130s2001####enka#####b####001#0#eng##
005 20130304103649.0
245 1 0 |a Symmetries /  |c D.L. Johnson. 
260 |a [London] :  |b Springer,  |c c2001. 
300 |a xi, 198 p. :  |b il. ;  |c 24 cm. 
440 0 |a Springer undergraduate mathematics series,  |x 1615-2085 
504 |a Incluye referencias bibliográficas (p. 189-190) e índice. 
505 0 |a Preface -- Metric spaces and their groups -- Isometries of the plane -- Some basic group theory -- Products of reflections -- Generators and reflections -- Discrete subgroups of the Euclidean group -- Plane crystallographic groups: OP case -- Plane crystallographic groups: OR case -- Tessellations of the plane -- Tessellations of the sphere -- Triangle groups -- Regular polytopes -- Solutions to exercises -- Guide to the literature. 
510 4 |a MR,  |c 2002m:20001 
020 |a 1852332700 (alk. paper) 
100 1 |a Johnson, D. L. 
650 0 |a Symmetry groups. 
084 |a 20-01 (51-01 52-01)  |2 msc2000 
010 |a  2001020163 
040 |a DLC  |c DLC  |d DLC 
856 4 2 |3 Publisher description  |u http://www.loc.gov/catdir/enhancements/fy0816/2001020163-d.html 
859 |h 20  |i J66s  |p A-8559  |b BIB. MATEMATICA